Russian-French vocabulary ; to be used in reading mathematical papers. /
Guardado en:
| Autor Corporativo: | |
|---|---|
| Formato: | Libro |
| Idioma: | English French Russian |
| Publicado: |
[s.l.],
[s.d.]
|
| Materias: | |
| Etiquetas: |
Agregar Etiqueta
Sin Etiquetas, Sea el primero en etiquetar este registro!
|
| LEADER | 00625nam a22001811 4500 | ||
|---|---|---|---|
| 001 | MAT.inmabb007090 | ||
| 008 | 180228s1950####nyu######d####000#0#eng## | ||
| 005 | 20180301135514.0 | ||
| 245 | 1 | 0 | |a Russian-French vocabulary ; |b to be used in reading mathematical papers. / |c tr. V. Kourganoff. |
| 260 | |a [s.l.], |c [s.d.] | ||
| 300 | |a 30 p. + (Errata 8 p.) ; |c 27 cm. | ||
| 510 | 4 | |a MR, |c *REVIEW #* | |
| 110 | 2 | |a American Mathematical Society. | |
| 650 | 0 | |a Mathematics |x Dictionaries |x Russian. | |
| 650 | 0 | |a Russian language |x Dictionaries |x French. | |
| 084 | |a 00A20 |2 msc2000 | ||
| 041 | 0 | |a fre |a rus | |
| 859 | |h IDIOMAS |i R969v |p A-711 |b BIB. MATEMATICA | ||
